| 000 | 01010cam a22003134a 4500 | ||
|---|---|---|---|
| 001 | 14976708 | ||
| 003 | OSt | ||
| 005 | 20140310182731.0 | ||
| 008 | 070823s2008 njua b 001 0 eng | ||
| 010 | _a 2007279587 | ||
| 020 | _a9780132229876 (pbk.) | ||
| 020 | _a0132229870 (pbk.) | ||
| 040 |
_aDLC _cDLC _dDLC |
||
| 050 | 0 | 0 |
_aT 353 _b.L867 2008 |
| 100 | 1 | _aLueptow, Richard M. | |
| 245 | 1 | 0 |
_aGraphics concepts for computer-aided design / _cRichard M. Lueptow. |
| 250 | _a2nd ed. | ||
| 260 |
_aUpper Saddle River, NJ : _bPearson Prentice Hall, _c2008. |
||
| 300 |
_a120 p. : _bill. ; _c25 cm. |
||
| 490 | 0 | _aESource | |
| 504 | _aIncludes bibliographical references and index. | ||
| 521 | _aMA | ||
| 650 | 0 | _aEngineering graphics. | |
| 856 | 4 | 1 |
_3Table of contents only _uhttp://www.loc.gov/catdir/toc/fy0715/2007279587.html |
| 906 |
_a7 _bcbc _corigcop _d3 _encip _f20 _gy-gencatlg |
||
| 942 |
_2lcc _cBK _kFOR |
||
| 999 |
_c15457 _d15457 |
||